| 000 | 01194nam0a22002651 4500 | ||
|---|---|---|---|
| 001 | rc\680775 | ||
| 005 | 20260406154642.0 | ||
| 035 | _a(NLR Aleph) 005918111 | ||
| 090 |
_a6447843 _c6447843 |
||
| 100 | _a20031121d1985 |||y0rusy50 ca | ||
| 101 | 0 | _arus | |
| 102 | _aRU | ||
| 105 | _ay ||||||||| | ||
| 200 | 1 |
_aЛексико-грамматические упражнения по немецкому языку (имя прилагательное) _e1-4 курсы стационара _f[Сост.: Акулович А.И., Носков С.А.] _gМ-во просвещения БССР, Могилев. гос. пед. ин-т им. А.А. Кулешова. Каф. иностр. яз. |
|
| 210 |
_aМогилев _cБ. и. _d1985 |
||
| 215 |
_a12 с. _d20 |
||
| 700 | 1 |
_aАкулович _bА.И. _gАлександр Иванович |
|
| 701 | 1 |
_aНосков _bС.А. |
|
| 712 | 0 | 2 |
_4570 _aМогилевский государственный педагогический институт им. А. А. Кулешова _3RU\NLR\AUTH\889929995 _9355565 |
| 801 | 0 |
_aRU _bNLR _gpsbo |
|
| 801 | 1 |
_aRU _bELAR _2rusmarc |
|
| 852 |
_aNLR _j87-4/12432 |
||
| 942 | _cBOOK | ||
| 980 | _aNB | ||